000
00307nam a22001217a 4500
999
_c
15457
_d
15457
020
_a
9788173817861
082
_a
660.6
_b
SHR/IN
100
_a
Shrivastava , S
_9
3161
245
_a
Introductory Nanobiotechnology
260
_a
London ;
_b
New central book agency ltd ,
_c
2013 .
300
_a
255 p.
942
_c
BK